Exploring the edges of the INFORMATION AGE / (Record no. 30865)
[ view plain ]
| 000 -LEADER | |
|---|---|
| fixed length control field | 00592nam a22002057a 4500 |
| 003 - CONTROL NUMBER IDENTIFIER | |
| control field | OSt |
| 005 - DATE AND TIME OF LATEST TRANSACTION | |
| control field | 20210126105119.0 |
| 008 - FIXED-LENGTH DATA ELEMENTS--GENERAL INFORMATION | |
| fixed length control field | 180907b ||||| |||| 00| 0 eng d |
| 020 ## - INTERNATIONAL STANDARD BOOK NUMBER | |
| International Standard Book Number | 9780757566202 |
| 040 ## - CATALOGING SOURCE | |
| Original cataloging agency | MMU |
| Language of cataloging | eng |
| Description conventions | MMU |
| Transcribing agency | MMU |
| Modifying agency | MMU |
| 050 00 - LIBRARY OF CONGRESS CALL NUMBER | |
| Classification number | Z 678.9 E97I52 2009 |
| 100 1# - MAIN ENTRY--PERSONAL NAME | |
| Personal name | D'Elia, MJ. |
| 245 10 - TITLE STATEMENT | |
| Title | Exploring the edges of the INFORMATION AGE / |
| Statement of responsibility, etc. | MJ D'Elia. |
| 260 ## - PUBLICATION, DISTRIBUTION, ETC. (IMPRINT) | |
| Place of publication, distribution, etc. | United state of America: |
| Name of publisher, distributor, etc. | Kendall Hunt, |
| Date of publication, distribution, etc. | 2009. |
| 300 ## - PHYSICAL DESCRIPTION | |
| Extent | xviii, 275 p. : |
| 500 ## - GENERAL NOTE | |
| General note | Includes bibliographical references |
| 504 ## - BIBLIOGRAPHY, ETC. NOTE | |
| Bibliography, etc | <br/><br/> |
| 650 #0 - SUBJECT ADDED ENTRY--TOPICAL TERM | |
| Topical term or geographic name as entry element | Information age. |
| 942 ## - ADDED ENTRY ELEMENTS (KOHA) | |
| Source of classification or shelving scheme | Library of Congress Classification |
| Koha item type | L |
| Withdrawn status | Lost status | Source of classification or shelving scheme | Damaged status | Not for loan | Home library | Current library | Date acquired | Source of acquisition | Total Checkouts | Full call number | Barcode | Date last seen | Date last checked out | Price effective from | Koha item type |
|---|---|---|---|---|---|---|---|---|---|---|---|---|---|---|---|
| Library of Congress Classification | Maasai Mara University Library -Main Campus | Maasai Mara University Library -Main Campus | 09/07/2018 | Donation | 1 | Z 678.9 E97I52 2009 | 16018587 | 03/10/2021 | 02/25/2021 | 09/07/2018 | L |